Sports Quiz

Random Sports or Football Quiz

Guess The 50 Clubs Quiz Stats

 Plays Quiz not verified by Sporcle

Also try: Olympics by Emblem
Challenge
Share
Tweet
Embed
Score 0/50 Timer 15:00
0 Plays Today
Hint Answer % Correct
EnglandChelsea
100%
SpainBarcelona
97.3%
EnglandManchester United
97.3%
SpainReal Madrid
94.6%
EnglandManchester City
94.6%
EnglandArsenal
91.9%
EnglandLiverpool
89.2%
GermanyBayern Munich
86.5%
FrancePSG
86.5%
ItalyJuventus
83.8%
SpainAtletico Madrid
81.1%
ItalyAC Milan
75.7%
GermanyBorussia Dortmund
73%
EnglandEverton
73%
ItalyInter Milan
64.9%
EnglandTottenham Hotspur
59.5%
SpainSevilla
56.8%
HollandAjax
56.8%
ScotlandCeltic
56.8%
SpainValencia
56.8%
USALA Galaxy
54.1%
ScotlandRangers
51.4%
PortugalBenfica
48.6%
PortugalFC Porto
48.6%
HollandPSV
48.6%
Hint Answer % Correct
FranceLyon
48.6%
EnglandSouthampton
48.6%
ItalyNapoli
45.9%
PortugalSporting Lisbon
43.2%
FranceMarseille
43.2%
HollandFeyenoord
40.5%
TurkeyGalatasaray
40.5%
GermanyBayer Leverkusen
35.1%
EnglandLeicester City
35.1%
BrazilSantos
35.1%
ItalyAS Roma
32.4%
RussiaZenit St.Petersburg
29.7%
GermanySchalke 04
29.7%
GermanyHamburg
29.7%
SpainAthletic Bilbao
18.9%
TurkeyBesiktas
16.2%
BrazilSao Paulo
13.5%
USANY Red Bulls
10.8%
USANYCFC
8.1%
PortugalSC Braga
8.1%
FranceSt. Etienne
8.1%
GreecePanathanikos
8.1%
SpainVilarreal
5.4%
UkraineShakhtar Donestk
5.4%
GermanyStuttgaart
2.7%

You're not logged in!

Compare scores with friends on all Sporcle quizzes.
OR
Log In

You Might Also Like...

Show Comments

Extras

Created Mar 6, 2017ReportNominate
Tags:Football Quiz, World Quiz, club

Top Quizzes Today


Score Distribution

Your Account Isn't Verified!

In order to create a playlist on Sporcle, you need to verify the email address you used during registration. Go to your Sporcle Settings to finish the process.

Report this User

Report this user for behavior that violates our Community Guidelines.

Details: